Epistemología de las ciencias humanas
Saved in:
| Hovedforfatter: | |
|---|---|
| Format: | Bog |
| Sprog: | spansk |
| Udgivet: |
Buenos Aires
Proteo
1972
|
| Udgivelse: | 1a. ed |
| Serier: | Biblioteca Universitaria Proteo
|
| Fag: | |
| Tags: |
Tilføj Tag
Ingen Tags, Vær først til at tagge denne postø!
|
MARC
| LEADER | 00000cam a2200000 a 4500 | ||
|---|---|---|---|
| 001 | UCC3445 | ||
| 003 | CL-VaPUC | ||
| 008 | 180518e19720000ag |||||||||||||||||spa|d | ||
| 082 | 0 | 4 | |a 300.1 |b PIA |2 21 |
| 100 | 0 | |a Piaget, Jean |e author |9 308149 | |
| 245 | 1 | 0 | |a Epistemología de las ciencias humanas |
| 250 | |a 1a. ed | ||
| 300 | |a 218 p | ||
| 942 | |c BK | ||
| 945 | |d 20180518 12:56:00 |a dcastane | ||
| 260 | |a Buenos Aires |b Proteo |c 1972 | ||
| 650 | 0 | |a Epistemología |9 264994 | |
| 650 | 0 | |a Filosofía de las ciencias sociales |9 268057 | |
| 650 | 0 | |a Epistemología de la ciencia |9 546869 | |
| 583 | |a last modification |c 20180518 12:56:00 |k Rodrigo Vera | ||
| 490 | 0 | |a Biblioteca Universitaria Proteo | |
| 999 | |c 371143 |d 371141 | ||
| 952 | |0 0 |1 0 |3 erb |4 0 |6 300_100000000000000_PIA_1972 |7 0 |8 A |9 488037 |a BIBEDU |b BIBEDU |i 5470013 |o 300.1 PIA 1972 |p 5470013 |r 2019-11-24 |w 2019-11-24 |y BK |z Catalogado en:20180518 |k EPE | ||